• 首页
  • 本馆介绍
  • 公告通知
  • 最新文献
  • 馆藏检索
  • 电子资源
  • 读者荐购
  • 参考咨询
  • CALIS
  • 我的图书馆
  • 登录
  • 详细信息显示
  • 放入我的书架
  • 预约/预借图书
  • 作者相关作品
  • 分类相关作品
  • 丛书相关作品
  • 出版社相关作品

书目信息

  • 表格格式
  • 工作单格式
  • 卡片格式
题名:
计算机硬件技术基础
    
 
作者: 王文海, , 汪永爱 , 许斌 编著
分册:  
出版信息: 西安   西北工业大学出版社  2007.08
页数: 458页
开本: 26cm
丛书名:
单 册:
中图分类: TP303
科图分类:
主题词: 硬件--ying jian--高等学校--教材
电子资源:
ISBN: 978-7-5612-2260-7
 
 
 
 
 
000 01180nam0 2200289 450
001 012008083193
005 20080603100247.53
010    @a978-7-5612-2260-7@dCNY42.00
100    @a20080603d2007 em y0chiy0120 ea
101 0  @achi
102    @aCN@b610000
105    @aa a 000yy
106    @ar
200 1  @a计算机硬件技术基础@Aji suan ji ying jian ji shu ji chu@f王文海 ... [等] 编著@Fwang wen hai...[deng]bian zhu
210    @a西安@c西北工业大学出版社@d2007.08
215    @a458页@c图@d26cm
300    @a高等学校教材
304    @a题名页题: 王文海, 汪永爱, 许斌, 王淑平等编著
320    @a有书目 (第457-458页)
330    @a本书系统介绍了微型计算机的硬件技术及应用基础。全书分9章,分别介绍微型计算机系统组成与结构、中央处理器(CPU)及指令系统、汇编语言程序设计基础、存储器组织结构、输入输出(I/O)接口与控制、系统总线、数字I/O接口技术及应用、模拟I/O接口技术及应用、单片计算机及嵌入式系统设计等内容。
606 0  @a硬件@Aying jian@x高等学校@j教材
690    @aTP303@v4
701  0 @a王文海,@Awang wen hai@f1953.3- @4编著
701  0 @a汪永爱@Awang yong ai@4编著
701  0 @a许斌@Axu bin@4编著
801  0 @aCN@bQSSK@c20080603
905    @b722993-94@dTP303@eW372@f2
    
    计算机硬件技术基础/王文海 ... [等] 编著.-西安:西北工业大学出版社,2007.08
    458页:图;26cm
    高等学校教材
    
    ISBN 978-7-5612-2260-7:CNY42.00
    本书系统介绍了微型计算机的硬件技术及应用基础。全书分9章,分别介绍微型计算机系统组成与结构、中央处理器(CPU)及指令系统、汇编语言程序设计基础、存储器组织结构、输入输出(I/O)接口与控制、系统总线、数字I/O接口技术及应用、模拟I/O接口技术及应用、单片计算机及嵌入式系统设计等内容。
●
相关链接 在E读中查询图书 在当当中查询图书 在豆瓣中查询图书


正题名:计算机硬件技术基础     索取号:TP303/W372         预约/预借

序号 登录号 条形码 馆藏地/架位号 状态 备注
1 722993   207229934   自科库301/301自科库 76排1列4层/ [索取号:TP303/W372] 在馆    
2 722994   207229943   自科库301/301自科库 76排1列4层/ [索取号:TP303/W372] 在馆    
河南城建学院图书馆 欢迎您!
大连网信软件有限公司© 版权所有